Identity vs. Foreign Language and Culture in Production of Speech Acts

Na minha lista:
Detalhes bibliográficos
Autor principal: Munková, Daša
Outros Autores: Stranovská, Eva, Fráterová, Zuzana, Ďuračková, Beáta
Formato: Capítulo de Livro
Idioma:inglês
Tags: Adicionar Tag
Sem tags, seja o primeiro a adicionar uma tag!

MARC

LEADER 00000nla a2200000 4500
001 0181721
005 20240502083428.2
041 0 |a eng 
044 |a GB 
245 1 0 |a Identity vs. Foreign Language and Culture in Production of Speech Acts  |c Daša Munková, Eva Stranovská, Zuzana Fráterová, Beáta Ďuračková 
100 1 |a Munková, Daša 
700 1 |a Stranovská, Eva 
700 1 |a Fráterová, Zuzana 
700 1 |a Ďuračková, Beáta